Word Ladder: Neil Young's 'Ohio' Quiz Stats

 Plays Quiz Updated Sep 19, 2017

Challenge
Share
Tweet
Embed
Score 0/10 Timer 01:00
3 Plays Today
Hint 4-Letter Word % Correct
Introduction to a letter: '___ Sir or Madam...'DEAR
96.7%
☮️ Chorus: '___ [Rung 6] in Ohio' ☮️
OR eight divided by two
☮️FOUR☮️
95.5%
Acidic tasteSOUR
95.5%
Cook steakSEAR
94.3%
Help out: '___ a hand'LEND
93.3%
☮️ Chorus: '[Rung 1] ___ in Ohio' ☮️
OR Jacob Marley was '___ as a doornail'
☮️DEAD☮️
93.2%
What the stock market does, on a good daySOAR
92.6%
Some Christians might give up sweets for these 40 daysLENT
91%
Cause of the water crisis in Flint, MichiganLEAD
90.1%
☮️ ___ State University, the subject of the song ☮️
OR 'Simpsons' newscaster Brockman
☮️KENT☮️
81.6%

Today's Daily Dose

Missing Word
US Newspapers

Word Ladder
Shawn Mendes

On This Day
October 18th II

You're not logged in!

Compare scores with friends on all Sporcle quizzes.
Join for Free
OR
Log In

You Might Also Like...

Show Comments

Extras

Top Quizzes Today


Score Distribution

Your Account Isn't Verified!

In order to create a playlist on Sporcle, you need to verify the email address you used during registration. Go to your Sporcle Settings to finish the process.

Report this User

Report this user for behavior that violates our Community Guidelines.

Details: